| 000 | 00758cam a22002293a 4500 | ||
|---|---|---|---|
| 001 | 14824 | ||
| 003 | PGUSA | ||
| 005 | 20140828083322.0 | ||
| 008 | 050128s2005||||xxu|||||s|||||000 | eng d | ||
| 040 |
_aPGUSA _beng |
||
| 042 | _adc | ||
| 050 | 4 | _aNK | |
| 100 | 1 | _aThroop, Lucy Abbot | |
| 245 | 1 | 0 |
_aFurnishing the Home of Good Taste : _bA Brief Sketch of the Period Styles in Interior Decoration with Suggestions as to Their Employment in the Homes of Today _h[electronic resource] / _cLucy Abbot Throop |
| 260 |
_bProject Gutenberg, _c2005 |
||
| 506 | _aPublic domain in the USA. | ||
| 516 | _aElectronic text | ||
| 653 | _aInterior decoration | ||
| 830 | 0 |
_aProject Gutenberg _v14824 |
|
| 856 | 4 | 0 | _uhttp://www.gutenberg.org/ebooks/14824 |
| 942 | _cEB | ||
| 999 |
_c244079 _d244079 |
||